Sports Quiz

Random Sports or World Cup Quiz

World Cup 2010 Geography Quiz Stats

 Plays Quiz Updated Nov 15, 2017

Challenge
Share
Tweet
Score 0/64 Timer 08:00
23 Plays Today
% Correct
United States
96.7%
Brazil
95.8%
Australia
94.4%
South Africa
93.6%
England
93.4%
Argentina
92.6%
Spain
92.5%
Japan
91.8%
Italy
91.3%
France
90.4%
Germany
90.1%
Mexico
89%
South Korea
88.1%
Chile
88%
Portugal
86.4%
North Korea
83.7%
New Zealand
81.4%
Uruguay
79.9%
Paraguay
77.7%
Greece
77.4%
Côte d'Ivoire
76.4%
Algeria
74.1%
Ghana
73.9%
Netherlands
70.9%
Washington, DC
70.6%
Nigeria
69.9%
Denmark
66.9%
London
66.4%
Switzerland
65.4%
Paris
63.7%
Madrid
63.1%
Slovakia
63.1%
% Correct
Rome
62.5%
Honduras
62.5%
Berlin
61.3%
Tokyo
61.2%
Cameroon
60.3%
Slovenia
60.2%
Mexico City
59.6%
Lisbon
54%
Seoul
52.9%
Brasilia
52.6%
Athens
52.6%
Buenos Aires
50.4%
Pretoria, Cape Town & Bloemfontein
48.9%
Canberra
48%
Amsterdam
46.6%
Serbia
46.3%
Santiago
41.9%
Copenhagen
41.5%
Wellington
40.2%
Bern
37.1%
Montevideo
36.3%
Pyongyang
34.2%
Algiers
32.3%
Bratislava
23.9%
Asunción
22.7%
Accra
20.3%
Belgrade
19.6%
Ljubljana
16.3%
Tegucigalpa
16%
Abuja
14.8%
Yaounde
11.5%
Yamoussoukro
8.8%

You're not logged in!

Compare scores with friends on all Sporcle quizzes.
Join for Free
OR
Log In

You Might Also Like...

Show Comments

Extras

Top Quizzes Today


Score Distribution

Your Account Isn't Verified!

In order to create a playlist on Sporcle, you need to verify the email address you used during registration. Go to your Sporcle Settings to finish the process.

Report this User

Report this user for behavior that violates our Community Guidelines.

Details: